000 00791nam a2200265Ia 4500
003 OSt
005 20221005070002.0
006 a|||||r|||| 00| 0
007 ta
008 221004b |||||||| |||| 00| 0 urd d
020 _c150
024 _a20400
037 _b4428, 28/03/2015, Kitabi Duniya
_cTextual
040 _aCRL
_cCRL
_burd
041 _2urd
_aurd
082 _aV2(Y58):51, 168Q2
100 _aSaturiya Mewaram Gupta
_9605183
245 0 _aHindustan ki jung-e-azadi ki musalman mujahedeen
260 _aMumbai
_bKitab Daar India
_c2012
300 _a174p.
_ccm.
650 _a INDIA - HISTORY
650 _aCASTE
942 _hV2(Y58):51, 168Q2
_cTEXL
_2cc
999 _c975490
_d975490